| 000 | 00403nam a2200145Ia 4500 | ||
|---|---|---|---|
| 008 | 220217s9999||||xx |||||||||||||| ||und|| | ||
| 020 | _a9788131726952 | ||
| 082 | _a6.4 | ||
| 100 | _aGonzalez, Rafael C and Woods, Richard E | ||
| 245 | 0 | _aDigital image processing | |
| 250 | _a3rd | ||
| 260 |
_aPearson education of asia _bNew Delhi _c2012 |
||
| 300 |
_aXXII, 954p. _b599 |
||
| 650 | _aMULTIMEDIA | ||
| 999 |
_c183620 _d183620 |
||